000
00333pab a2200145 454500
008
180718b1986 xxu||||| |||| 00| 0 eng d
100
_a
Baxi, Upendra
245
_a
A postscript for national unity
260
_c
1986
300
_a
3-4
362
_a
28 June
650
_a
Punjab - Politics
773
_a
Mainstream
909
_a
16808
999
_c
16808
_d
16808